<?xml version="1.0" encoding="UTF-8"?>
<marc:record xmlns:marc="http://www.loc.gov/MARC21/slim">
   <marc:leader>00000nam a2200000 a 4500</marc:leader>
   <marc:datafield ind1=" " ind2=" " tag="653">
      <marc:subfield code="a">Tonies-Hörfigur-Hörbuch</marc:subfield>
   </marc:datafield>
   <marc:datafield ind1="0" ind2="0" tag="245">
      <marc:subfield code="a">Heidi 3: Ein Wolf im Dörfli</marc:subfield>
   </marc:datafield>
   <marc:datafield ind1="0" ind2="0" tag="245">
      <marc:subfield code="b">Tonies-Hörfigur - Hörspiel</marc:subfield>
   </marc:datafield>
   <marc:datafield ind1=" " ind2="1" tag="264">
      <marc:subfield code="a">Düsseldorf</marc:subfield>
      <marc:subfield code="b">Boxine GmbH</marc:subfield>
   </marc:datafield>
   <marc:datafield ind1="1" ind2=" " tag="490">
      <marc:subfield code="a">Heidi</marc:subfield>
   </marc:datafield>
   <marc:datafield ind1="1" ind2=" " tag="520">
      <marc:subfield code="a">Tonie 01-0146&#xD;
&#xD;
Heidis erster Winter in den Bergen steht vor der Tür. Sie geht mit ihrem Großvater ins Dorf, um für die kalte Jahreszeit Vorräte zu kaufen. Doch Theresa, die Tochter der Ladenbesitzerin, legt&#xD;
Heidi herein und lässt sie vor dem ganzen Dorf als Diebin&#xD;
dastehen. Nur der Großvater und Peter glauben Heidi und&#xD;
beweisen ihre Unschuld. Heidi ist sehr erleichtert. Lustig und&#xD;
munter rodelt sie nach dem ersten Schneefall mit dem Alm-Öhi&#xD;
die Hänge hinab und holt Peter mit dem Schlitten von der Schule ab. Im tiefen Schnee findet Heidi ein kleines Wolfsjunges, das in einer Wolfsfalle gefangen ist. Um es zu retten, müssen sich Heidi und der Alm-Öhi erneut gegen das Dorf stellen ...&#xD;
&#xD;
Autor: Erika Bruhn und Andrea Wagner&#xD;
Sprecher: Petra Barthel, Lea Mariage, Nando Schmitz, Helmut Krauss, Nana Spier, Liane Rudolph u.v.a. &#xD;
&#xD;
Hörspiel&#xD;
ab 5 Jahren</marc:subfield>
   </marc:datafield>
   <marc:datafield ind1=" " ind2=" " tag="041">
      <marc:subfield code="a">ger</marc:subfield>
   </marc:datafield>
   <marc:datafield ind1=" " ind2=" " tag="338">
      <marc:subfield code="a">Nicht spezifiziert</marc:subfield>
   </marc:datafield>
   <marc:datafield ind1=" " ind2=" " tag="300">
      <marc:subfield code="a">Box mit booklet</marc:subfield>
   </marc:datafield>
</marc:record>
